zpět

Detail výsledku týmu

The Pub Praha 2 PO, Praha

Datum a čas kvízu

25.5 Celkem bodů Celkový počet nahraných bodů na tomto kvízu bez doplňovacích otázek.
9. Pořadí na kvízu Konečné umístění týmu na tomto kvízu.

Zaznamenané odpovědi

# Otázka Odpověď Body Výsledky
1. Jak se jmenuje stránka na česk... Wikipedia 1
2. Prezident Kazachstánu, který b... Nursultan Nazarbajev 0
3. Jistá populární facebooková st... Opráski sčeskí historje 1
4. Jak se nazývá inzertní platfor... letgo 1
5. Na programu ČT sport jsme mohl... o krasobruslení 1
6. Dnešní cestovatelské téma se b... Córdoba 1
7. Terminál letiště a mnoho další... Pablo Picasso 0
8. Když si vzpomenete na jednu zn... Malagelo 1
9. Nad městem Granada se vypíná h... Alhambra 0
10. Na obrázku vidíte radnici v př... Juan Carlos I. 0